00568nam a2200157 a 450000500170000000800410001705000260005810000220008424500380010626000430014430000270018765000200021494200180023499900170025295201410026920140310183152.0021111s19uu xx 00 eng d aPL 6058.6b.B487 1996 aBigornia, Mike L. aProsang itim /cMike L. Bogornia. aPasig, Filipinas :bAnvil Pub.,c1996. axxii, 113 p. :c21 cm. aFilipino poetry cBK2lcckFLIR c19681d19681 00102lcc40aCLbCLcFILd2010-06-09e0.00hpg50.00l1oPL 6058.6 .B487 1996pC1012r2018-05-08 00:00:00s2017-09-07t1w2013-10-10yBK